| 000 | 00376nam a2200145Ia 4500 | ||
|---|---|---|---|
| 008 | 221030s9999 xx 000 0 und d | ||
| 020 | _a8170145929 | ||
| 041 | _aEnglish | ||
| 100 | _aL. M. Prasad | ||
| 245 | 0 |
_aPrinciples & Practices of Management _cby L. M. Prasad |
|
| 260 |
_bSultan Chand &Sons _aNew Delhi _c2000 |
||
| 300 | _a690 | ||
| 650 | _aManagement | ||
| 942 | _cBK | ||
| 999 |
_c18026 _d18026 |
||